000 00495nam a2200181 a 4500
001 14971
005 20180713203533.0
008 140415s1968 mx 000 0 spa d
041 _aspa
082 _a864
_bBAS
100 1 _aBASAVE FERNANDEZ DEL VALLE, AGUSTIN
245 1 0 _aFILOSOFIA DEL QUIJOTE :
_bUN ESTUDIO DE ANTROPOLOGIA AXIOLOGICA
250 _a2a ed.
260 _aMEXICO :
_bESPASA-CALPE,
_c1968
300 _a276
490 _aAUSTRAL
_v1289
650 1 4 _aENSAYOS
999 _c14971
_d14971